<?xml version="1.0" encoding="UTF-8"?>
<record
    xmlns:xsi="http://www.w3.org/2001/XMLSchema-instance"
    xsi:schemaLocation="http://www.loc.gov/MARC21/slim http://www.loc.gov/standards/marcxml/schema/MARC21slim.xsd"
    xmlns="http://www.loc.gov/MARC21/slim">

  <leader>02033agaaa2200349   4500</leader>
  <controlfield tag="001">8650</controlfield>
  <controlfield tag="003">IT-RoPAU</controlfield>
  <controlfield tag="005">20220918181229.0</controlfield>
  <controlfield tag="007">d cvaizq</controlfield>
  <controlfield tag="008">50131s9999||||xx ||| |     ||   ||und||</controlfield>
  <datafield tag="040" ind1=" " ind2=" ">
    <subfield code="a">IT-RoPAU</subfield>
    <subfield code="c">IT-RoPAU</subfield>
  </datafield>
  <datafield tag="041" ind1=" " ind2=" ">
    <subfield code="a">ITALIANO</subfield>
  </datafield>
  <datafield tag="100" ind1=" " ind2=" ">
    <subfield code="a">Molinaro Edouard</subfield>
    <subfield code="g">Codice regista SPICS: 32871</subfield>
    <subfield code="9">39829</subfield>
  </datafield>
  <datafield tag="130" ind1=" " ind2=" ">
    <subfield code="a">IO, DUE FIGLIE, TRE VALIGIE</subfield>
    <subfield code="9">39830</subfield>
  </datafield>
  <datafield tag="240" ind1=" " ind2=" ">
    <subfield code="a">OSCAR</subfield>
    <subfield code="g">T3779</subfield>
  </datafield>
  <datafield tag="245" ind1=" " ind2=" ">
    <subfield code="a">IO, DUE FIGLIE, TRE VALIGIE</subfield>
    <subfield code="c">Prodotto da: Poire Alain -- Sceneggiatura: Halain Jean De Funes Louis Molinaro Edouard -- Diretto da: Molinaro Edouard</subfield>
    <subfield code="p">IO, DUE FIGLIE, TRE VALIGIE (Rif. Codice opera principale : H8650)</subfield>
  </datafield>
  <datafield tag="246" ind1=" " ind2=" ">
    <subfield code="a">OSCAR</subfield>
  </datafield>
  <datafield tag="250" ind1=" " ind2=" ">
    <subfield code="a">Edizione Standard</subfield>
  </datafield>
  <datafield tag="260" ind1=" " ind2=" ">
    <subfield code="a">PARIGI (FRANCIA)</subfield>
    <subfield code="b">GAUMONT / Distribuzione: MULTIMEDIA SAN PAOLO</subfield>
    <subfield code="g">"1967 (1&#xB0; ed.: 2009 ; Ed. Lingua Orig.: 1967)"</subfield>
  </datafield>
  <datafield tag="300" ind1=" " ind2=" ">
    <subfield code="a">DVD</subfield>
    <subfield code="b">sonoro, col.</subfield>
    <subfield code="c">85 minuti</subfield>
  </datafield>
  <datafield tag="508" ind1=" " ind2=" ">
    <subfield code="a">"Fotografia: Lemoigne Raymond P.; Montaggio: Isnardon M. E R.; Musica: Delerue Georges; Sceneggiatura: Halain Jean De Funes Louis Molinaro Edouard; Scenografia: Wackhevitch Georges; Soggetto: Halain Jean -- Molinaro Edouard"</subfield>
  </datafield>
  <datafield tag="511" ind1=" " ind2=" ">
    <subfield code="a">"De; Funes Louis; Rich Claude; Natanson Agathe; Gensac Claude; Saurel Sylvia; Page Domi"</subfield>
  </datafield>
  <datafield tag="520" ind1=" " ind2=" ">
    <subfield code="a">"LA VICENDA RUOTA ATTORNO AD UNA VALIGIA CONTENENTE GIOIELLI PREZIOSISSIMI CHE PER UNA SERIE DI EQUIVOCI PASSA IN MANI DIVERSE. TUTTO FINISCE BENE: UNINDUSTRIALE SCOPRE DI AVERE UNA FIGLIA NATURALE; L'ALTRA FIGLIA SPOSA IL RAGAZZO DI CUI SI E' INNAMORATA E CHE CREDEVA PERDUTO... CONTENUTI EXTRA: BIO-FILMOGRAFIA DI DE FUNES."</subfield>
  </datafield>
  <datafield tag="538" ind1=" " ind2=" ">
    <subfield code="a">PAL, STEREO</subfield>
  </datafield>
  <datafield tag="546" ind1=" " ind2=" ">
    <subfield code="a">ITALIANO</subfield>
  </datafield>
  <datafield tag="650" ind1=" " ind2=" ">
    <subfield code="a">COMMEDIA</subfield>
    <subfield code="e">DVD-FILM [DVD]</subfield>
    <subfield code="x">Codice MATERIA SPICS: 9947</subfield>
    <subfield code="9">36668</subfield>
  </datafield>
  <datafield tag="700" ind1=" " ind2=" ">
    <subfield code="a">Delerue Georges</subfield>
    <subfield code="e">(musica)</subfield>
    <subfield code="g">Codice Musica SPICS: 10858</subfield>
    <subfield code="9">39831</subfield>
  </datafield>
  <datafield tag="700" ind1=" " ind2=" ">
    <subfield code="a">Halain Jean </subfield>
    <subfield code="e">(soggetto)</subfield>
    <subfield code="g">Codice Soggetto SPICS: 59442</subfield>
    <subfield code="9">39832</subfield>
  </datafield>
  <datafield tag="700" ind1=" " ind2=" ">
    <subfield code="a">Molinaro Edouard </subfield>
    <subfield code="e">(regista)</subfield>
    <subfield code="g">Codice regista SPICS: 32871</subfield>
    <subfield code="9">39833</subfield>
  </datafield>
  <datafield tag="700" ind1=" " ind2=" ">
    <subfield code="a">Molinaro Edouard </subfield>
    <subfield code="e">(soggetto)</subfield>
    <subfield code="g">Codice Soggetto 2&#xB0; SPICS: 32871</subfield>
    <subfield code="9">39834</subfield>
  </datafield>
  <datafield tag="942" ind1=" " ind2=" ">
    <subfield code="c">DV</subfield>
    <subfield code="2">ddc</subfield>
  </datafield>
  <datafield tag="999" ind1=" " ind2=" ">
    <subfield code="c">105163</subfield>
    <subfield code="d">105163</subfield>
  </datafield>
  <datafield tag="952" ind1=" " ind2=" ">
    <subfield code="0">0</subfield>
    <subfield code="1">0</subfield>
    <subfield code="4">0</subfield>
    <subfield code="6">H_8650_000000000000000</subfield>
    <subfield code="7">1</subfield>
    <subfield code="a">SPICS</subfield>
    <subfield code="b">SPICS</subfield>
    <subfield code="d">2015-01-31</subfield>
    <subfield code="l">0</subfield>
    <subfield code="o">H8650</subfield>
    <subfield code="r">2015-01-31 00:00:00</subfield>
    <subfield code="w">2015-01-31</subfield>
    <subfield code="y">DV</subfield>
    <subfield code="z">Progr. Ins.: 3791 / N.Vol.:1 / Copie: 1 / Pag.:0 / Copia rara: n.d. / date import: 1.2.2015 / By Epidotti, Trombetti, Vaglietti</subfield>
  </datafield>
</record>
